[Event "DVM U20 2023"]
[Site "Magdeburg GER"]
[Date "2023.12.27"]
[Round "1"]
[White "Burghardt, Jonathan"]
[Black "Helmbrecht, Paul"]
[Result "0-1"]
[Termination "normal"]
[Board "8.4"]
[WhiteElo "1260"]
[BlackElo "1712"]
[WhiteClock "00:19:05"]
[BlackClock "00:50:12"]
[WhiteTeam "USC Magdeburg"]
[BlackTeam "FC Ergolding 1932"]
[PlyCount "104"]
[WhiteFideId "34617965"]
[BlackFideId "16270932"]
[EventCountry "GER"]
[EventRounds "7"]
[EventType "team-swiss"]
[EventDate "2023.12.26"]

1. e4 {[%clk 01:30:57]} {[%emt 00:00:02]} c6 {[%clk 01:30:41]} {[%emt
00:00:14]} 2. d4 {[%clk 01:31:18]} {[%emt 00:00:15]} d5 {[%clk 01:31:07]}
{[%emt 00:00:04]} 3. exd5 {[%clk 01:31:40]} {[%emt 00:00:07]} cxd5 {[%clk
01:31:32]} {[%emt 00:00:06]} 4. Bd3 {[%clk 01:32:05]} {[%emt 00:00:05]} Nc6
{[%clk 01:31:53]} {[%emt 00:00:10]} 5. c3 {[%clk 01:32:25]} {[%emt 00:00:09]}
Qc7 {[%clk 01:32:20]} {[%emt 00:00:03]} 6. h3 {[%clk 01:31:22]} {[%emt
00:01:34]} e6 {[%clk 01:32:38]} {[%emt 00:00:12]} 7. Nf3 {[%clk 01:31:20]}
{[%emt 00:00:32]} Bd6 {[%clk 01:33:00]} {[%emt 00:00:09]} 8. O-O {[%clk
01:31:27]} {[%emt 00:00:22]} h6 {[%clk 01:32:58]} {[%emt 00:00:32]} 9. Re1
{[%clk 01:31:08]} {[%emt 00:00:50]} Nf6 {[%clk 01:33:03]} {[%emt 00:00:25]} 10.
Qe2 {[%clk 01:31:15]} {[%emt 00:00:23]} O-O {[%clk 01:32:10]} {[%emt 00:01:23]}
11. Ne5 {[%clk 01:29:22]} {[%emt 00:02:22]} Rb8 {[%clk 01:26:38]} {[%emt
00:06:02]} 12. Bf4 {[%clk 01:27:21]} {[%emt 00:02:32]} Bd7 {[%clk 01:26:29]}
{[%emt 00:00:39]} 13. Qe3 {[%clk 01:25:48]} {[%emt 00:02:02]} Rfc8 {[%clk
01:21:06]} {[%emt 00:05:53]} 14. Bxh6 {[%clk 01:11:49]} {[%emt 00:14:30]} gxh6
{[%clk 01:15:14]} {[%emt 00:06:22]} 15. Qxh6 {[%clk 01:11:25]} {[%emt
00:00:53]} Bxe5 {[%clk 01:12:18]} {[%emt 00:03:26]} 16. dxe5 {[%clk 01:10:45]}
{[%emt 00:01:09]} Ne4 {[%clk 01:04:57]} {[%emt 00:07:52]} 17. Bxe4 {[%clk
01:03:39]} {[%emt 00:07:36]} dxe4 {[%clk 01:05:19]} {[%emt 00:00:08]} 18. Nd2
{[%clk 01:02:58]} {[%emt 00:01:12]} Nxe5 {[%clk 00:58:29]} {[%emt 00:07:20]}
19. Nxe4 {[%clk 01:03:07]} {[%emt 00:00:21]} f5 {[%clk 00:58:44]} {[%emt
00:00:15]} 20. Nf6+ {[%clk 01:01:26]} {[%emt 00:02:10]} Kf7 {[%clk 00:58:55]}
{[%emt 00:00:20]} 21. Rxe5 {[%clk 01:00:48]} {[%emt 00:01:08]} Qxe5 {[%clk
00:42:32]} {[%emt 00:16:52]} 22. Nxd7 {[%clk 01:00:49]} {[%emt 00:00:30]} Qh8
{[%clk 00:42:32]} {[%emt 00:00:29]} 23. Qxh8 {[%clk 01:00:16]} {[%emt
00:01:04]} Rxh8 {[%clk 00:42:57]} {[%emt 00:00:05]} 24. Nxb8 {[%clk 01:00:33]}
{[%emt 00:00:13]} Rxb8 {[%clk 00:43:07]} {[%emt 00:00:20]} 25. Rd1 {[%clk
01:00:48]} {[%emt 00:00:15]} Kf6 {[%clk 00:43:07]} {[%emt 00:00:30]} 26. f4
{[%clk 00:56:12]} {[%emt 00:05:06]} a5 {[%clk 00:42:31]} {[%emt 00:01:06]} 27.
Kf2 {[%clk 00:55:04]} {[%emt 00:01:39]} b5 {[%clk 00:42:24]} {[%emt 00:00:37]}
28. Kf3 {[%clk 00:50:58]} {[%emt 00:04:37]} a4 {[%clk 00:40:55]} {[%emt
00:01:59]} 29. Rd4 {[%clk 00:50:54]} {[%emt 00:00:34]} a3 {[%clk 00:37:52]}
{[%emt 00:04:07]} 30. b3 {[%clk 00:50:29]} {[%emt 00:01:20]} Rc8 {[%clk
00:34:01]} {[%emt 00:04:23]} 31. c4 {[%clk 00:49:03]} {[%emt 00:01:55]} b4
{[%clk 00:25:37]} {[%emt 00:08:55]} 32. Rd7 {[%clk 00:43:58]} {[%emt 00:05:35]}
Rg8 {[%clk 00:22:59]} {[%emt 00:03:07]} 33. g4 {[%clk 00:43:41]} {[%emt
00:00:48]} fxg4+ {[%clk 00:22:56]} {[%emt 00:00:34]} 34. hxg4 {[%clk 00:44:02]}
{[%emt 00:00:07]} Rh8 {[%clk 00:23:18]} {[%emt 00:00:08]} 35. Rd2 {[%clk
00:40:48]} {[%emt 00:03:44]} e5 {[%clk 00:19:40]} {[%emt 00:04:09]} 36. Rd6+
{[%clk 00:38:09]} {[%emt 00:03:09]} Ke7 {[%clk 00:20:01]} {[%emt 00:00:08]} 37.
fxe5 {[%clk 00:37:39]} {[%emt 00:01:00]} Rh2 {[%clk 00:20:22]} {[%emt
00:00:10]} 38. c5 {[%clk 00:35:54]} {[%emt 00:02:15]} Rxa2 {[%clk 00:19:56]}
{[%emt 00:00:55]} 39. Rb6 {[%clk 00:18:08]} {[%emt 00:18:16]} Ra1 {[%clk
00:20:15]} {[%emt 00:00:11]} 40. Rxb4 {[%clk 00:14:52]} {[%emt 00:03:46]} a2
{[%clk 00:20:37]} {[%emt 00:00:07]} 41. Ra4 {[%clk 00:13:00]} {[%emt 00:02:23]}
Rf1+ {[%clk 00:20:53]} {[%emt 00:00:14]} 42. Ke3 {[%clk 00:12:37]} {[%emt
00:00:53]} a1=Q {[%clk 00:21:01]} {[%emt 00:00:23]} 43. Rxa1 {[%clk 00:12:52]}
{[%emt 00:00:15]} Rxa1 {[%clk 00:21:25]} {[%emt 00:00:05]} 44. Kd4 {[%clk
00:13:14]} {[%emt 00:00:06]} Rg1 {[%clk 00:19:55]} {[%emt 00:02:02]} 45. Kd5
{[%clk 00:11:21]} {[%emt 00:02:23]} Rxg4 {[%clk 00:20:11]} {[%emt 00:00:15]}
46. c6 {[%clk 00:08:08]} {[%emt 00:03:43]} Rb4 {[%clk 00:20:22]} {[%emt
00:00:17]} 47. Kc5 {[%clk 00:26:08]} {[%emt 00:12:31]} Rxb3 {[%clk 00:50:41]}
{[%emt 00:00:11]} 48. Kd4 {[%clk 00:24:51]} {[%emt 00:01:46]} Rb1 {[%clk
00:50:45]} {[%emt 00:00:27]} 49. Kc5 {[%clk 00:22:54]} {[%emt 00:02:25]} Ke6
{[%clk 00:49:48]} {[%emt 00:01:30]} 50. c7 {[%clk 00:19:28]} {[%emt 00:03:56]}
Kd7 {[%clk 00:49:58]} {[%emt 00:00:20]} 51. Kd5 {[%clk 00:18:46]} {[%emt
00:01:13]} Rb5+ {[%clk 00:49:49]} {[%emt 00:00:39]} 52. Kd4 {[%clk 00:19:05]}
{[%emt 00:00:10]} Kxc7 {[%clk 00:50:12]} {[%emt 00:00:07]} *

[Event "DVM U20 2023"]
[Site "Magdeburg GER"]
[Date "2023.12.27"]
[Round "1"]
[White "Lichtinger, Simon"]
[Black "Dietz, Maximilian"]
[Result "1-0"]
[Termination "normal"]
[Board "8.5"]
[WhiteElo "1709"]
[BlackElo "1463"]
[WhiteClock "00:16:47"]
[BlackClock "00:30:55"]
[WhiteTeam "FC Ergolding 1932"]
[BlackTeam "USC Magdeburg"]
[PlyCount "53"]
[WhiteFideId "16230442"]
[BlackFideId "16298489"]
[EventCountry "GER"]
[EventRounds "7"]
[EventType "team-swiss"]
[EventDate "2023.12.26"]

1. d4 {[%clk 01:30:56]} {[%emt 00:00:03]} d5 {[%clk 01:30:57]} {[%emt
00:00:04]} 2. Nc3 {[%clk 01:31:06]} {[%emt 00:00:20]} Nf6 {[%clk 01:29:32]}
{[%emt 00:01:56]} 3. Bf4 {[%clk 01:31:30]} {[%emt 00:00:04]} e6 {[%clk
01:28:27]} {[%emt 00:01:36]} 4. e3 {[%clk 01:31:47]} {[%emt 00:00:14]} c5
{[%clk 01:26:57]} {[%emt 00:01:59]} 5. g4 {[%clk 01:29:37]} {[%emt 00:02:39]}
a6 {[%clk 01:24:06]} {[%emt 00:03:21]} 6. Qf3 {[%clk 01:28:57]} {[%emt
00:01:10]} cxd4 {[%clk 01:21:44]} {[%emt 00:02:53]} 7. exd4 {[%clk 01:29:15]}
{[%emt 00:00:11]} Qb6 {[%clk 01:18:26]} {[%emt 00:03:48]} 8. O-O-O {[%clk
01:28:25]} {[%emt 00:01:20]} Nc6 {[%clk 01:17:33]} {[%emt 00:01:23]} 9. g5
{[%clk 01:15:34]} {[%emt 00:13:21]} Nd7 {[%clk 01:10:15]} {[%emt 00:07:48]} 10.
Nge2 {[%clk 01:03:34]} {[%emt 00:12:31]} g6 {[%clk 01:05:40]} {[%emt 00:05:05]}
11. Bg2 {[%clk 00:59:31]} {[%emt 00:04:32]} Bg7 {[%clk 01:01:16]} {[%emt
00:04:56]} 12. Qe3 {[%clk 00:52:41]} {[%emt 00:07:19]} Na7 {[%clk 00:55:34]}
{[%emt 00:06:13]} 13. Nxd5 {[%clk 00:50:12]} {[%emt 00:02:58]} Qa5 {[%clk
00:49:20]} {[%emt 00:06:45]} 14. Nc7+ {[%clk 00:44:34]} {[%emt 00:06:08]} Ke7
{[%clk 00:45:40]} {[%emt 00:04:08]} 15. Nxa8 {[%clk 00:42:10]} {[%emt
00:02:55]} Qxa2 {[%clk 00:40:17]} {[%emt 00:05:54]} 16. Qc3 {[%clk 00:39:14]}
{[%emt 00:03:26]} Qa4 {[%clk 00:36:05]} {[%emt 00:04:42]} 17. Nb6 {[%clk
00:26:56]} {[%emt 00:12:48]} Nxb6 {[%clk 00:34:26]} {[%emt 00:02:10]} 18. Qc5+
{[%clk 00:26:31]} {[%emt 00:00:53]} Ke8 {[%clk 00:34:02]} {[%emt 00:00:55]} 19.
Nc3 {[%clk 00:24:20]} {[%emt 00:02:41]} Qa1+ {[%clk 00:30:30]} {[%emt
00:04:01]} 20. Kd2 {[%clk 00:23:58]} {[%emt 00:00:52]} Qxb2 {[%clk 00:30:45]}
{[%emt 00:00:14]} 21. Rb1 {[%clk 00:23:02]} {[%emt 00:01:26]} Na4 {[%clk
00:31:09]} {[%emt 00:00:06]} 22. Nxa4 {[%clk 00:20:24]} {[%emt 00:03:10]} Qxd4+
{[%clk 00:31:09]} {[%emt 00:00:29]} 23. Qxd4 {[%clk 00:19:54]} {[%emt
00:01:01]} Bxd4 {[%clk 00:31:32]} {[%emt 00:00:06]} 24. Bxb7 {[%clk 00:19:04]}
{[%emt 00:01:21]} Bxb7 {[%clk 00:31:10]} {[%emt 00:00:52]} 25. Rxb7 {[%clk
00:19:26]} {[%emt 00:00:07]} Nc6 {[%clk 00:31:14]} {[%emt 00:00:27]} 26. Rhb1
{[%clk 00:17:25]} {[%emt 00:02:30]} f5 {[%clk 00:30:55]} {[%emt 00:00:48]} 27.
Rc7 {[%clk 00:16:47]} {[%emt 00:01:07]} 1-0

[Event "DVM U20 2023"]
[Site "Magdeburg GER"]
[Date "2023.12.27"]
[Round "1"]
[White "Schönherr, Stijn"]
[Black "Karlinger De la Quintana, Ainhoa"]
[Result "1-0"]
[Termination "normal"]
[Board "8.6"]
[WhiteElo "1295"]
[BlackElo "1348"]
[WhiteClock "00:31:11"]
[BlackClock "00:10:08"]
[WhiteTeam "USC Magdeburg"]
[BlackTeam "FC Ergolding 1932"]
[PlyCount "75"]
[WhiteFideId "34611622"]
[BlackFideId "16217268"]
[EventCountry "GER"]
[EventRounds "7"]
[EventType "team-swiss"]
[EventDate "2023.12.26"]

1. e4 {[%clk 01:30:57]} {[%emt 00:00:02]} e6 {[%clk 01:30:39]} {[%emt
00:00:22]} 2. d4 {[%clk 01:31:20]} {[%emt 00:00:08]} d5 {[%clk 01:31:02]}
{[%emt 00:00:06]} 3. e5 {[%clk 01:31:43]} {[%emt 00:00:07]} c5 {[%clk
01:31:18]} {[%emt 00:00:13]} 4. c3 {[%clk 01:32:03]} {[%emt 00:00:11]} Nc6
{[%clk 01:31:30]} {[%emt 00:00:18]} 5. Nf3 {[%clk 01:31:59]} {[%emt 00:00:34]}
Qb6 {[%clk 01:31:33]} {[%emt 00:00:26]} 6. Be2 {[%clk 01:32:19]} {[%emt
00:00:12]} Bd7 {[%clk 01:31:21]} {[%emt 00:00:41]} 7. O-O {[%clk 01:32:28]}
{[%emt 00:00:21]} Rc8 {[%clk 01:30:38]} {[%emt 00:01:13]} 8. a3 {[%clk
01:28:30]} {[%emt 00:04:29]} cxd4 {[%clk 01:25:26]} {[%emt 00:05:41]} 9. cxd4
{[%clk 01:28:44]} {[%emt 00:00:16]} Nge7 {[%clk 01:24:15]} {[%emt 00:01:41]}
10. Nc3 {[%clk 01:27:05]} {[%emt 00:02:09]} Nf5 {[%clk 01:20:32]} {[%emt
00:04:13]} 11. Na4 {[%clk 01:23:26]} {[%emt 00:04:09]} Qc7 {[%clk 01:19:15]}
{[%emt 00:01:45]} 12. Be3 {[%clk 01:06:31]} {[%emt 00:17:26]} a6 {[%clk
01:15:52]} {[%emt 00:03:53]} 13. Nc3 {[%clk 01:06:22]} {[%emt 00:00:38]} b5
{[%clk 01:11:24]} {[%emt 00:04:58]} 14. Rc1 {[%clk 00:59:06]} {[%emt 00:07:46]}
Qb6 {[%clk 01:07:29]} {[%emt 00:04:25]} 15. b4 {[%clk 00:58:01]} {[%emt
00:01:35]} Be7 {[%clk 01:04:05]} {[%emt 00:03:55]} 16. Qd2 {[%clk 00:57:06]}
{[%emt 00:01:23]} O-O {[%clk 01:02:20]} {[%emt 00:02:17]} 17. Rfd1 {[%clk
00:56:53]} {[%emt 00:00:42]} a5 {[%clk 00:52:39]} {[%emt 00:10:12]} 18. Nxb5
{[%clk 00:51:56]} {[%emt 00:05:27]} axb4 {[%clk 00:51:07]} {[%emt 00:02:02]}
19. axb4 {[%clk 00:45:16]} {[%emt 00:07:08]} Nxb4 {[%clk 00:45:43]} {[%emt
00:05:55]} 20. Rxc8 {[%clk 00:43:53]} {[%emt 00:01:53]} Rxc8 {[%clk 00:45:30]}
{[%emt 00:00:43]} 21. Nc3 {[%clk 00:40:08]} {[%emt 00:04:15]} Nxe3 {[%clk
00:38:21]} {[%emt 00:07:40]} 22. fxe3 {[%clk 00:39:39]} {[%emt 00:00:58]} Qa5
{[%clk 00:32:38]} {[%emt 00:06:12]} 23. Rf1 {[%clk 00:35:35]} {[%emt 00:04:35]}
Qc7 {[%clk 00:29:10]} {[%emt 00:03:58]} 24. Nb5 {[%clk 00:35:19]} {[%emt
00:00:45]} Qc2 {[%clk 00:27:43]} {[%emt 00:01:57]} 25. Qe1 {[%clk 00:33:39]}
{[%emt 00:02:10]} Nd3 {[%clk 00:23:16]} {[%emt 00:04:58]} 26. Bxd3 {[%clk
00:33:57]} {[%emt 00:00:11]} Qxd3 {[%clk 00:23:28]} {[%emt 00:00:19]} 27. Nd6
{[%clk 00:34:17]} {[%emt 00:00:11]} Rc2 {[%clk 00:20:20]} {[%emt 00:03:37]} 28.
Qb1 {[%clk 00:33:35]} {[%emt 00:01:12]} Qxe3+ {[%clk 00:18:57]} {[%emt
00:01:53]} 29. Kh1 {[%clk 00:32:54]} {[%emt 00:01:12]} Qe2 {[%clk 00:17:46]}
{[%emt 00:01:40]} 30. Rg1 {[%clk 00:32:13]} {[%emt 00:01:11]} Rb2 {[%clk
00:15:53]} {[%emt 00:02:22]} 31. Qa1 {[%clk 00:30:55]} {[%emt 00:01:48]} Ra2
{[%clk 00:15:31]} {[%emt 00:00:54]} 32. Qc3 {[%clk 00:30:44]} {[%emt 00:00:36]}
Qb2 {[%clk 00:14:24]} {[%emt 00:01:42]} 33. Qc7 {[%clk 00:30:19]} {[%emt
00:00:54]} Bxd6 {[%clk 00:10:53]} {[%emt 00:04:02]} 34. exd6 {[%clk 00:30:04]}
{[%emt 00:00:45]} Qb5 {[%clk 00:10:37]} {[%emt 00:00:44]} 35. Qd8+ {[%clk
00:30:21]} {[%emt 00:00:14]} Be8 {[%clk 00:10:53]} {[%emt 00:00:14]} 36. Ne5
{[%clk 00:30:41]} {[%emt 00:00:11]} Ra7 {[%clk 00:09:55]} {[%emt 00:01:27]} 37.
d7 {[%clk 00:30:47]} {[%emt 00:00:25]} Rxd7 {[%clk 00:10:08]} {[%emt 00:00:16]}
38. Qxe8# {[%clk 00:31:11]} {[%emt 00:00:08]} 1-0

[Event "DVM U20 2023"]
[Site "Magdeburg GER"]
[Date "2023.12.27"]
[Round "2"]
[White "Woelk, Tom-Frederic"]
[Black "Reimer, Philip"]
[Result "1-0"]
[Termination "normal"]
[Board "1.1"]
[WhiteTitle "FM"]
[WhiteElo "2377"]
[BlackElo "2152"]
[WhiteClock "00:36:16"]
[BlackClock "00:00:38"]
[WhiteTeam "Hamburger SK 1830"]
[BlackTeam "SK Lehrte 1919"]
[PlyCount "53"]
[WhiteFideId "12993077"]
[BlackFideId "16235860"]
[EventCountry "GER"]
[EventRounds "7"]
[EventType "team-swiss"]
[EventDate "2023.12.26"]

1. d4 {[%clk 01:30:56]} {[%emt 00:00:03]} Nf6 {[%clk 01:30:50]} {[%emt
00:00:11]} 2. c4 {[%clk 01:31:20]} {[%emt 00:00:05]} e6 {[%clk 01:31:14]}
{[%emt 00:00:07]} 3. Nc3 {[%clk 01:31:45]} {[%emt 00:00:05]} Bb4 {[%clk
01:31:39]} {[%emt 00:00:05]} 4. f3 {[%clk 01:32:11]} {[%emt 00:00:03]} c5
{[%clk 01:31:54]} {[%emt 00:00:15]} 5. d5 {[%clk 01:32:37]} {[%emt 00:00:05]}
O-O {[%clk 01:32:12]} {[%emt 00:00:13]} 6. e4 {[%clk 01:32:48]} {[%emt
00:00:18]} d6 {[%clk 01:30:30]} {[%emt 00:02:12]} 7. Nge2 {[%clk 01:30:09]}
{[%emt 00:03:09]} b5 {[%clk 01:30:51]} {[%emt 00:00:07]} 8. Nf4 {[%clk
01:28:15]} {[%emt 00:02:25]} Qb6 {[%clk 01:24:37]} {[%emt 00:06:45]} 9. Bd2
{[%clk 01:22:15]} {[%emt 00:06:30]} a6 {[%clk 01:08:00]} {[%emt 00:17:07]} 10.
a4 {[%clk 01:17:36]} {[%emt 00:05:09]} e5 {[%clk 00:58:11]} {[%emt 00:10:18]}
11. Nfe2 {[%clk 01:12:57]} {[%emt 00:05:10]} bxc4 {[%clk 00:57:18]} {[%emt
00:01:22]} 12. Ng3 {[%clk 01:09:20]} {[%emt 00:04:07]} Kh8 {[%clk 00:43:44]}
{[%emt 00:14:04]} 13. Bxc4 {[%clk 01:08:03]} {[%emt 00:01:47]} Ng8 {[%clk
00:42:54]} {[%emt 00:01:19]} 14. h4 {[%clk 00:59:28]} {[%emt 00:09:06]} Ne7
{[%clk 00:34:20]} {[%emt 00:09:04]} 15. h5 {[%clk 00:58:24]} {[%emt 00:01:33]}
f5 {[%clk 00:31:52]} {[%emt 00:02:59]} 16. h6 {[%clk 00:54:14]} {[%emt
00:04:40]} g6 {[%clk 00:32:08]} {[%emt 00:00:13]} 17. Bg5 {[%clk 00:50:28]}
{[%emt 00:04:17]} Qa7 {[%clk 00:28:48]} {[%emt 00:03:50]} 18. f4 {[%clk
00:49:57]} {[%emt 00:01:01]} fxe4 {[%clk 00:11:41]} {[%emt 00:17:37]} 19. fxe5
{[%clk 00:47:13]} {[%emt 00:03:13]} Nf5 {[%clk 00:11:18]} {[%emt 00:00:54]} 20.
Ngxe4 {[%clk 00:46:35]} {[%emt 00:01:07]} dxe5 {[%clk 00:05:14]} {[%emt
00:06:34]} 21. O-O {[%clk 00:46:45]} {[%emt 00:00:21]} Nd7 {[%clk 00:04:29]}
{[%emt 00:01:16]} 22. g4 {[%clk 00:43:14]} {[%emt 00:04:00]} Nd4 {[%clk
00:04:47]} {[%emt 00:00:11]} 23. Be7 {[%clk 00:41:10]} {[%emt 00:02:31]} Rf4
{[%clk 00:03:52]} {[%emt 00:01:29]} 24. d6 {[%clk 00:36:11]} {[%emt 00:05:29]}
Bb7 {[%clk 00:03:56]} {[%emt 00:00:26]} 25. Rxf4 {[%clk 00:35:59]} {[%emt
00:00:42]} exf4 {[%clk 00:04:13]} {[%emt 00:00:12]} 26. Ng5 {[%clk 00:36:16]}
{[%emt 00:00:13]} Ne5 {[%clk 00:00:38]} {[%emt 00:04:06]} 27. Bf6# {[%emt
00:00:08]} 1-0

[Event "DVM U20 2023"]
[Site "Magdeburg GER"]
[Date "2023.12.27"]
[Round "2"]
[White "Dornieden, Jonas"]
[Black "Garner, Isaac"]
[Result "1/2-1/2"]
[Termination "normal"]
[Board "1.2"]
[WhiteElo "2036"]
[BlackElo "2297"]
[WhiteClock "00:03:38"]
[BlackClock "00:27:08"]
[WhiteTeam "SK Lehrte 1919"]
[BlackTeam "Hamburger SK 1830"]
[PlyCount "109"]
[WhiteFideId "1336460"]
[BlackFideId "16239261"]
[EventCountry "GER"]
[EventRounds "7"]
[EventType "team-swiss"]
[EventDate "2023.12.26"]

1. e4 {[%clk 01:30:56]} {[%emt 00:00:03]} e5 {[%clk 01:30:54]} {[%emt
00:00:08]} 2. Nf3 {[%clk 01:31:18]} {[%emt 00:00:07]} Nc6 {[%clk 01:31:18]}
{[%emt 00:00:05]} 3. Bc4 {[%clk 01:31:38]} {[%emt 00:00:10]} Nf6 {[%clk
01:31:43]} {[%emt 00:00:05]} 4. d3 {[%clk 01:31:20]} {[%emt 00:00:49]} Bc5
{[%clk 01:32:07]} {[%emt 00:00:06]} 5. Nc3 {[%clk 01:31:00]} {[%emt 00:00:49]}
h6 {[%clk 01:29:59]} {[%emt 00:02:38]} 6. h3 {[%clk 01:30:56]} {[%emt
00:00:35]} a6 {[%clk 01:29:49]} {[%emt 00:00:40]} 7. a4 {[%clk 01:23:17]}
{[%emt 00:08:09]} d6 {[%clk 01:27:52]} {[%emt 00:02:28]} 8. Nd5 {[%clk
01:17:55]} {[%emt 00:05:50]} Nxd5 {[%clk 01:15:49]} {[%emt 00:12:33]} 9. Bxd5
{[%clk 01:17:25]} {[%emt 00:00:59]} Be6 {[%clk 01:14:17]} {[%emt 00:02:02]} 10.
c3 {[%clk 01:09:40]} {[%emt 00:08:16]} Bxd5 {[%clk 01:01:03]} {[%emt 00:13:43]}
11. exd5 {[%clk 01:10:03]} {[%emt 00:00:07]} Ne7 {[%clk 01:01:32]} {[%emt
00:00:02]} 12. b4 {[%clk 01:01:27]} {[%emt 00:09:07]} Ba7 {[%clk 01:01:25]}
{[%emt 00:00:36]} 13. Qb3 {[%clk 00:59:49]} {[%emt 00:02:08]} O-O {[%clk
00:56:15]} {[%emt 00:05:40]} 14. O-O {[%clk 00:53:49]} {[%emt 00:06:30]} c6
{[%clk 00:45:27]} {[%emt 00:11:18]} 15. dxc6 {[%clk 00:51:44]} {[%emt
00:02:35]} bxc6 {[%clk 00:45:43]} {[%emt 00:00:15]} 16. Qc4 {[%clk 00:48:25]}
{[%emt 00:03:48]} d5 {[%clk 00:41:22]} {[%emt 00:04:51]} 17. Qg4 {[%clk
00:39:09]} {[%emt 00:09:46]} Qd6 {[%clk 00:32:33]} {[%emt 00:09:19]} 18. Re1
{[%clk 00:30:45]} {[%emt 00:08:54]} Ng6 {[%clk 00:32:02]} {[%emt 00:01:00]} 19.
h4 {[%clk 00:21:53]} {[%emt 00:09:22]} f5 {[%clk 00:27:23]} {[%emt 00:05:09]}
20. Qg3 {[%clk 00:21:22]} {[%emt 00:01:01]} f4 {[%clk 00:27:45]} {[%emt
00:00:07]} 21. Qg4 {[%clk 00:21:06]} {[%emt 00:00:47]} Rae8 {[%clk 00:28:01]}
{[%emt 00:00:14]} 22. h5 {[%clk 00:14:05]} {[%emt 00:07:30]} Nh8 {[%clk
00:28:26]} {[%emt 00:00:05]} 23. Ra2 {[%clk 00:12:20]} {[%emt 00:02:17]} Bb8
{[%clk 00:22:27]} {[%emt 00:06:28]} 24. Rae2 {[%clk 00:09:40]} {[%emt
00:03:09]} Qf6 {[%clk 00:20:26]} {[%emt 00:02:30]} 25. c4 {[%clk 00:05:42]}
{[%emt 00:04:29]} Qf5 {[%clk 00:17:26]} {[%emt 00:03:30]} 26. Qxf5 {[%clk
00:03:09]} {[%emt 00:03:03]} Rxf5 {[%clk 00:17:52]} {[%emt 00:00:05]} 27. b5
{[%clk 00:01:43]} {[%emt 00:01:56]} axb5 {[%clk 00:16:31]} {[%emt 00:01:51]}
28. axb5 {[%clk 00:01:51]} {[%emt 00:00:21]} dxc4 {[%clk 00:12:17]} {[%emt
00:04:44]} 29. dxc4 {[%clk 00:01:52]} {[%emt 00:00:30]} cxb5 {[%clk 00:12:36]}
{[%emt 00:00:11]} 30. cxb5 {[%clk 00:00:56]} {[%emt 00:01:26]} Nf7 {[%clk
00:11:52]} {[%emt 00:01:13]} 31. Bb2 {[%clk 00:00:37]} {[%emt 00:00:49]} Rxh5
{[%clk 00:10:47]} {[%emt 00:01:37]} 32. b6 {[%clk 00:00:33]} {[%emt 00:00:33]}
Re6 {[%clk 00:08:04]} {[%emt 00:03:12]} 33. Bc3 {[%clk 00:00:38]} {[%emt
00:00:24]} Rxb6 {[%clk 00:08:17]} {[%emt 00:00:18]} 34. Nxe5 {[%clk 00:00:51]}
{[%emt 00:00:18]} Nxe5 {[%clk 00:02:47]} {[%emt 00:05:59]} 35. Bxe5 {[%clk
00:01:18]} {[%emt 00:00:04]} f3 {[%clk 00:02:29]} {[%emt 00:00:47]} 36. gxf3
{[%clk 00:00:32]} {[%emt 00:01:17]} Rg6+ {[%clk 00:02:50]} {[%emt 00:00:08]}
37. Bg3 {[%clk 00:00:58]} {[%emt 00:00:04]} Bxg3 {[%clk 00:03:13]} {[%emt
00:00:07]} 38. Re8+ {[%clk 00:00:35]} {[%emt 00:00:53]} Kh7 {[%clk 00:03:36]}
{[%emt 00:00:07]} 39. fxg3 {[%clk 00:01:00]} {[%emt 00:00:06]} Rxg3+ {[%clk
00:04:02]} {[%emt 00:00:04]} 40. Kf2 {[%clk 00:01:15]} {[%emt 00:00:16]} Rg6
{[%clk 00:04:24]} {[%emt 00:00:07]} 41. R8e4 {[%clk 00:11:48]} {[%emt
00:19:56]} Rh2+ {[%clk 00:32:32]} {[%emt 00:02:23]} 42. Ke3 {[%clk 00:11:55]}
{[%emt 00:00:24]} Ra2 {[%clk 00:31:03]} {[%emt 00:01:57]} 43. Rg4 {[%clk
00:09:00]} {[%emt 00:03:27]} Re6+ {[%clk 00:29:54]} {[%emt 00:01:39]} 44. Re4
{[%clk 00:09:24]} {[%emt 00:00:05]} Rf6 {[%clk 00:30:22]} {[%emt 00:00:02]} 45.
Rf1 {[%clk 00:09:06]} {[%emt 00:00:48]} Ra3+ {[%clk 00:29:25]} {[%emt
00:01:27]} 46. Ke2 {[%clk 00:09:21]} {[%emt 00:00:15]} Rb6 {[%clk 00:29:51]}
{[%emt 00:00:04]} 47. Kf2 {[%clk 00:08:55]} {[%emt 00:00:56]} Rf6 {[%clk
00:29:27]} {[%emt 00:00:53]} 48. Kg2 {[%clk 00:08:25]} {[%emt 00:01:00]} Ra2+
{[%clk 00:29:08]} {[%emt 00:00:50]} 49. Kg3 {[%clk 00:08:45]} {[%emt 00:00:11]}
Rc6 {[%clk 00:28:47]} {[%emt 00:00:50]} 50. Rh1 {[%clk 00:05:49]} {[%emt
00:03:25]} Rcc2 {[%clk 00:28:13]} {[%emt 00:01:04]} 51. Rg1 {[%clk 00:06:03]}
{[%emt 00:00:16]} Ra5 {[%clk 00:27:02]} {[%emt 00:01:41]} 52. Rh1 {[%clk
00:04:12]} {[%emt 00:02:22]} Rg5+ {[%clk 00:26:54]} {[%emt 00:00:38]} 53. Rg4
{[%clk 00:04:33]} {[%emt 00:00:10]} Re5 {[%clk 00:27:19]} {[%emt 00:00:05]} 54.
Rgh4 {[%clk 00:04:24]} {[%emt 00:00:38]} Rc6 {[%clk 00:27:08]} {[%emt
00:00:41]} 55. Kf2 {[%clk 00:03:38]} {[%emt 00:01:17]} *